[Event "Mittelrhein Verbandsliga-W 17/18"]
[Site "Nordrheinwestfalen"]
[Date "2018.05.06"]
[Round "11.6"]
[White "Tonev, Vasil"]
[Black "Bauchmueller, Franz Josef"]
[Result "1-0"]
[WhiteElo "1733"]
[BlackElo "1664"]
[PlyCount "163"]
[EventDate "2017.09.10"]
[EventType "team-tourn"]
[EventRounds "11"]
[EventCountry "GER"]
[SourceTitle "EXT 2022"]
[Source "ChessBase"]
[SourceDate "2021.10.06"]
[SourceVersion "1"]
[SourceVersionDate "2021.10.06"]
[SourceQuality "1"]
[WhiteTeam "Horrem"]
[BlackTeam "Dueren Derichsweiler"]
[WhiteTeamCountry "GER"]
[BlackTeamCountry "GER"]

1. e4 e5 2. Nf3 Nc6 3. Bb5 Nd4 4. Bc4 Nxf3+ 5. Qxf3 Qf6 6. Qe2 Bc5 7. d3 d6 8. Nc3 c6 9. Nd1 Ne7 10. Be3 Bb6 11. a4 0-0 12. a5 Bc7 13. 0-0 Be6 14. f4 Bxc4 15. dxc4 exf4 16. Bxf4 Qe6 17. Nc3 Ng6 18. Bg3 Ne5 19. b3 Rfe8 20. Qh5 Qg4 21. Qxg4 Nxg4 22. c5 Ne5 23. cxd6 Bxd6 24. Ra4 Bc5+ 25. Bf2 Bxf2+ 26. Rxf2 Rad8 27. h3 Rd7 28. Kf1 Red8 29. Rb4 f6 30. Re2 Nf7 31. Na4 Nd6 32. Nc5 Re7 33. Kf2 Nb5 34. g4 Nc3 35. Re1 Rd2+ 36. Kf3 Nb5 37. Rc4 Nd6 38. Rc3 Rd4 39. Rce3 Rd2 40. c4 Rh2 41. Kg3 Ra2 42. Na4 Re5 43. c5 Nb5 44. Rd1 Kf7 45. Rd7+ Re7 46. Rxe7+ Kxe7 47. e5 Nd4 48. exf6+ Kxf6 49. h4 Ne2+ 50. Kf3 Nd4+ 51. Kg3 Ra3 52. Nc3 Rxb3 53. Ne4+ Ke5 54. Nc3+ Kf6 55. Ne4+ Kf7 56. Nd6+ Kf8 57. Rxb3 Nxb3 58. Nxb7 Ke7 59. Kf4 a6 60. Ke5 Kd7 61. h5 Kc7 62. Nd6 g6 63. Ne8+ Kd8 64. Nf6 gxh5 65. gxh5 Nxa5 66. Nxh7 Nc4+ 67. Kd4 Nd2 68. Ng5 Ke8 69. h6 Kf8 70. h7 Kg7 71. Kc3 Nf1 72. Kb4 Ne3 73. Ka5 Nd5 74. Kxa6 Ne7 75. Kb7 Ng6 76. Kxc6 Kh6 77. Kd6 Kg7 78. c6 Nh4 79. Kd7 Ng6 80. c7 Ne5+ 81. Kd6 Nc4+ 82. Kc5 1-0

[Event "Mittelrhein Verbandsliga-W 17/18"]
[Site "Nordrheinwestfalen"]
[Date "2017.10.01"]
[Round "2.6"]
[White "Spies, Ulrich"]
[Black "Bauchmueller, Franz Josef"]
[Result "1-0"]
[WhiteElo "1857"]
[BlackElo "1707"]
[PlyCount "103"]
[EventDate "2017.09.10"]
[EventType "team-tourn"]
[EventRounds "11"]
[EventCountry "GER"]
[SourceTitle "EXT 2022"]
[Source "ChessBase"]
[SourceDate "2021.10.06"]
[SourceVersion "1"]
[SourceVersionDate "2021.10.06"]
[SourceQuality "1"]
[WhiteTeam "Eschweiler SC"]
[BlackTeam "Dueren Derichsweiler"]
[WhiteTeamCountry "GER"]
[BlackTeamCountry "GER"]

1. e4 e5 2. Nf3 Nc6 3. Bb5 Nd4 4. Nxd4 exd4 5. d3 h5 6. h3 Bc5 7. Qf3 c6 8. Bc4 Qf6 9. Qxf6 Nxf6 10. 0-0 0-0 11. a3 d5 12. exd5 Nxd5 13. Bxd5 cxd5 14. Bf4 Bf5 15. Nd2 Rfe8 16. Rfe1 f6 17. f3 Kf7 18. Kf1 Rac8 19. Rxe8 Kxe8 20. Ke2 Bb6 21. Re1 Kf7 22. Kd1 Rc6 23. Nb3 a5 24. a4 g5 25. Bg3 Rc8 26. Nc1 g4 27. hxg4 hxg4 28. Rh1 gxf3 29. gxf3 Rg8 30. Bf2 Rg2 31. Ke1 Rg8 32. Ne2 Rc8 33. Kd1 Rg8 34. Bxd4 Bxd4 35. Nxd4 Bd7 36. b3 Rg3 37. Rh7+ Rg7 38. Rh8 Rg8 39. Rxg8 Kxg8 40. Kd2 Kg7 41. Ke3 Kf7 42. Nb5 Ke7 43. Kd4 Bc6 44. Kc5 Ke6 45. Nd4+ Ke5 46. Nxc6+ bxc6 47. Kxc6 f5 48. c4 dxc4 49. dxc4 Kf4 50. Kb6 Kxf3 51. c5 Kg3 52. c6 1-0

[Event "Goch op 27th"]
[Site "Goch"]
[Date "2016.09.01"]
[Round "1"]
[White "Bauchmueller, Franz Josef"]
[Black "Hoellmann, Ludger"]
[Result "0-1"]
[WhiteElo "1710"]
[BlackElo "2062"]
[PlyCount "84"]
[EventDate "2016.09.01"]
[EventType "swiss"]
[EventRounds "7"]
[EventCountry "GER"]
[SourceTitle "EXT 2018"]
[Source "ChessBase"]
[SourceDate "2017.10.13"]
[SourceVersion "1"]
[SourceVersionDate "2017.10.13"]
[SourceQuality "1"]

1. e4 e5 2. f4 d5 3. exd5 exf4 4. Bb5+ c6 5. Qe2+ Be7 6. dxc6 Nxc6 7. Bxc6+ bxc6 8. d3 Nf6 9. Bxf4 Nd5 10. Bg3 0-0 11. Nd2 Re8 12. 0-0-0 Bg5 13. Qf2 Bg4 14. Ngf3 Be3 15. Qf1 Qb6 16. Re1 Bxf3 17. Rxe3 Qxe3 18. Qxf3 Qxf3 19. Nxf3 Re2 20. Nd4 Rxg2 21. Nxc6 Rc8 22. Re1 f5 23. Re6 f4 24. Be1 Kf7 25. Rd6 Nf6 26. Bc3 Rxh2 27. Ne5+ Ke7 28. Rd4 Rf2 29. Ra4 Rc7 30. Nc4 f3 31. Bd4 Rg2 32. Ne3 f2 33. Bxf6+ gxf6 34. Rf4 Rxc2+ 35. Nxc2 Rg1+ 36. Kd2 f1Q 37. Rxf1 Rxf1 38. Ke2 Rb1 39. Kd2 Rxb2 40. Kc3 Rxa2 41. d4 Kd6 42. Nb4 Rh2 0-1

[Event "Goch op 26th"]
[Site "Goch"]
[Date "2015.09.03"]
[Round "1"]
[White "Guenther, Lars"]
[Black "Bauchmueller, Franz Josef"]
[Result "1-0"]
[WhiteElo "2086"]
[BlackElo "1751"]
[PlyCount "34"]
[EventDate "2015.09.03"]
[EventType "swiss"]
[EventRounds "7"]
[EventCountry "GER"]
[SourceTitle "EXT 2018"]
[Source "ChessBase"]
[SourceDate "2017.10.13"]
[SourceVersion "1"]
[SourceVersionDate "2017.10.13"]
[SourceQuality "1"]

1. e4 e5 2. Bc4 Nf6 3. d4 exd4 4. Nf3 Nxe4 5. Qxd4 Nd6 6. 0-0 Nc6 7. Re1+ Ne7 8. Bb3 b6 9. Ng5 Bb7 10. Qxd6 Qc8 11. Qf4 f6 12. Nf7 Rg8 13. Nc3 g5 14. Qxf6 Rg6 15. Nd6+ cxd6 16. Bf7+ Kd8 17. Bxg6 hxg6 1-0

[Event "Goch op 25th"]
[Site "Goch"]
[Date "2014.09.05"]
[Round "3"]
[White "Buckels, Valentin"]
[Black "Bauchmueller, Franz Josef"]
[Result "1-0"]
[WhiteElo "2210"]
[BlackElo "1778"]
[PlyCount "63"]
[EventDate "2014.09.04"]
[EventType "swiss"]
[EventRounds "7"]
[EventCountry "GER"]
[SourceTitle "EXT 2016"]
[Source "ChessBase"]
[SourceDate "2015.10.08"]
[SourceVersion "1"]
[SourceVersionDate "2015.10.08"]
[SourceQuality "1"]

1. d4 d5 2. c4 e5 3. dxe5 d4 4. Nf3 Nc6 5. a3 f6 6. exf6 Nxf6 7. g3 Be6 8. Nbd2 Qd7 9. b4 Be7 10. Bb2 0-0 11. Bg2 Rad8 12. 0-0 Bh3 13. b5 Na5 14. Bxd4 Bxg2 15. Kxg2 Qg4 16. Bc3 b6 17. Bb4 Rfe8 18. e3 Kh8 19. Nd4 Qg6 20. Qb1 Qf7 21. Qf5 Nxc4 22. Nxc4 Qxc4 23. Rac1 Qd5+ 24. Qxd5 Nxd5 25. Bxe7 Nxe7 26. Rxc7 Ra8 27. Rfc1 a6 28. h4 Kg8 29. Rd7 axb5 30. Rcc7 Kf8 31. Nxb5 Red8 32. Rxe7 1-0

[Event "Goch op 24th"]
[Site "Goch"]
[Date "2013.09.06"]
[Round "3"]
[White "Rieger, Mario"]
[Black "Bauchmueller, Franz Josef"]
[Result "1-0"]
[WhiteElo "1957"]
[BlackElo "1766"]
[PlyCount "89"]
[EventDate "2013.09.05"]
[EventType "swiss"]
[EventRounds "7"]
[EventCountry "GER"]
[SourceTitle "EXT 2015"]
[Source "ChessBase"]
[SourceDate "2014.11.20"]
[SourceVersion "1"]
[SourceVersionDate "2014.11.20"]
[SourceQuality "1"]

1. d4 d5 2. c4 e5 3. dxe5 d4 4. Nf3 Nc6 5. g3 Bf5 6. Bg2 Bb4+ 7. Bd2 d3 8. e3 Bxd2+ 9. Qxd2 Qe7 10. Nd4 Nxd4 11. exd4 0-0-0 12. Qc3 f6 13. 0-0 fxe5 14. dxe5 Nh6 15. Nd2 Ng4 16. Nf3 h5 17. Nh4 Bh7 18. Nf3 Kb8 19. h3 Nh6 20. Rad1 Rhe8 21. Rfe1 g5 22. Qd2 Rg8 23. h4 Nf7 24. e6 Nd6 25. c5 Ne4 26. Qb4 Qxc5 27. Qxc5 Nxc5 28. Nxg5 Bg6 29. b4 Na4 30. Be4 Bxe4 31. Nxe4 Nb2 32. e7 Rde8 33. Nf6 Nxd1 34. Rxd1 Rh8 35. Nxe8 Rxe8 36. Rxd3 Kc8 37. Rd5 Rxe7 38. Rxh5 b6 39. Kf1 Re4 40. a3 Rc4 41. Rg5 Kd8 42. h5 Re4 43. Rg6 Re7 44. h6 Ke8 45. Rg8+ 1-0

[Event "Maastricht Limburg op-C 5th"]
[Site "Maastricht"]
[Date "2011.06.13"]
[Round "7"]
[White "Van Meegen, Judith"]
[Black "Bauchmueller, Franz Josef"]
[Result "1-0"]
[WhiteElo "1484"]
[BlackElo "1587"]
[PlyCount "125"]
[EventDate "2011.06.10"]
[EventType "swiss"]
[EventRounds "7"]
[EventCountry "NED"]
[SourceTitle "EXT 2012"]
[Source "ChessBase"]
[SourceDate "2011.11.24"]
[SourceVersion "1"]
[SourceVersionDate "2011.11.24"]
[SourceQuality "1"]

1. e4 e5 2. Nf3 Nc6 3. Nc3 Bc5 4. Nxe5 Bxf2+ 5. Kxf2 Nxe5 6. d4 Qf6+ 7. Kg1 Ng6 8. Be3 d6 9. Qd2 Qd8 10. Bc4 Be6 11. Bb3 N8e7 12. Kf2 0-0 13. Rhf1 Bxb3 14. axb3 a6 15. Kg1 Qd7 16. Qe2 Rae8 17. Qh5 f5 18. Bd2 fxe4 19. Nxe4 Rf5 20. Rxf5 Qxf5 21. Qxf5 Nxf5 22. Re1 Kf7 23. Ng5+ Kf8 24. Nxh7+ Kf7 25. Ng5+ Kf8 26. Rf1 Re2 27. Rxf5+ Kg8 28. Rf2 Re7 29. c4 Nf8 30. Kf1 Nd7 31. Re2 Rxe2 32. Kxe2 g6 33. Ne6 c5 34. Ke3 b6 35. dxc5 dxc5 36. b4 Kf7 37. Nc7 cxb4 38. Nxa6 b3 39. Kd3 Nf6 40. Bf4 Ke6 41. Kc3 g5 42. Bc7 Nd7 43. Kxb3 g4 44. Nb8 Nc5+ 45. Kb4 Nd3+ 46. Kc3 Ne1 47. Bxb6 Nxg2 48. c5 Ne3 49. Kd4 Nd5 50. Ba5 Ne7 51. c6 Nf5+ 52. Ke4 g3 53. hxg3 Nxg3+ 54. Kd4 Nf5+ 55. Kc5 Nd6 56. b4 Ne4+ 57. Kb6 Nd6 58. c7 Nc8+ 59. Kc5 Nd6 60. b5 Nb7+ 61. Kb6 Nd6 62. Ka6 Nc8 63. b6 1-0